书目信息 |
| 题名: |
魏晋南北朝史讲义及杂稿
|
|
| 作者: | 陈寅恪 著 | |
| 分册: | ||
| 出版信息: | 南京 江苏人民出版社 2020 |
|
| 页数: | 425页 | |
| 开本: | 21cm | |
| 丛书名: | ||
| 单 册: | ||
| 中图分类: | K235.07 | |
| 科图分类: | ||
| 主题词: | 魏晋南北朝时代--wei jin nan bei chao shi dai--历史--研究 | |
| 电子资源: | ||
| ISBN: | 978-7-214-24040-8 | |
| 000 | 00819nam0 2200241 450 | |
| 001 | 2159275489 | |
| 005 | 20210926145400.0 | |
| 010 | @a978-7-214-24040-8@b精装@dCNY78.00 | |
| 100 | @a20201107d2020 em y0chiy0120 ea | |
| 101 | 0 | @achi |
| 102 | @aCN@b320000 | |
| 105 | @aa z 000yy | |
| 106 | @ar | |
| 200 | 1 | @a魏晋南北朝史讲义及杂稿@Awei jin nan bei chao shi jiang yi ji za gao@f陈寅恪著 |
| 210 | @a南京@c江苏人民出版社@d2020 | |
| 215 | @a425页@c照片@d21cm | |
| 300 | @a陈寅恪精选集 | |
| 330 | @a本书覆盖魏晋南北朝时期的政治、经济、文化和民族等诸多方面,提出了许多新见解、新问题、新发现。 | |
| 606 | 0 | @a魏晋南北朝时代@Awei jin nan bei chao shi dai@x历史@x研究 |
| 690 | @aK235.07@v5 | |
| 701 | 0 | @a陈寅恪@Achen yin ke@f(1890-1969)@4著 |
| 801 | 0 | @aCN@b百万庄@c20210926 |
| 905 | @b1299884-87@dK235.07@e145@f4 | |
| 魏晋南北朝史讲义及杂稿/陈寅恪著.-南京:江苏人民出版社,2020 |
| 425页:照片;21cm |
| 陈寅恪精选集 |
| ISBN 978-7-214-24040-8(精装):CNY78.00 |
| 本书覆盖魏晋南北朝时期的政治、经济、文化和民族等诸多方面,提出了许多新见解、新问题、新发现。 |
| ● |
| 相关链接 |
|
|
|
|
正题名:魏晋南北朝史讲义及杂稿
索取号:K235.07/145
 
预约/预借
| 序号 | 登录号 | 条形码 | 馆藏地/架位号 | 状态 | 备注 |
| 1 | 1299884 | 212998844 | 第二样本阅览室/ [索取号:K235.07/145] | 在馆 | |
| 2 | 1299885 | 212998853 | 第二借阅区/ [索取号:K235.07/145] | 在馆 | |
| 3 | 1299886 | 212998862 | 第二借阅区/ [索取号:K235.07/145] | 在馆 | |
| 4 | 1299887 | 212998871 | 第二借阅区/ [索取号:K235.07/145] | 在馆 |